Optimalizácia zdaňovania príjmov na finančných trhoch dizertačná práca

Enregistré dans:
Détails bibliographiques
Auteur principal: Baláž, Peter
Collectivité auteur: Ekonomická univerzita v Bratislave. Národohospodárska fakulta
Autres auteurs: Lipták, Juraj
Format: Livre
Langue:slovaque
Publié: Bratislava 2008
Sujets:
Tags: Ajouter un tag
Pas de tags, Soyez le premier à ajouter un tag!

MARC

LEADER 00000nam$a2200000$$$4500
001 0094751
005 20230113084146.2
041 0 |a slo 
044 |a SK 
245 1 0 |a Optimalizácia zdaňovania príjmov na finančných trhoch  |b dizertačná práca  |c Peter Baláž ; škol. Juraj Lipták 
264 1 |a Bratislava  |c 2008 
300 |a 166 s. 
610 2 0 |a optimalizácia daňová 
610 2 0 |a trh finančný 
610 2 0 |a dane z príjmov 
100 1 |a Baláž, Peter 
700 1 |a Lipták, Juraj 
710 2 |a Ekonomická univerzita v Bratislave. Národohospodárska fakulta